[Event "Bad Woerishofen sen"]
[Site "?"]
[Date "2002.??.??"]
[Round "1"]
[White "Haasper, Peter"]
[Black "Fischer, Johann"]
[Result "1/2-1/2"]
[WhiteElo "1802"]
[BlackElo "2306"]
[Annotator "ChessOrg"]
[PlyCount "67"]

1. d4 Nf6 2. c4 e6 3. Nc3 Bb4 4. Qc2 Nc6 5. Nf3 d6 6. e3 O-O 7. Bd3 e5 8. O-O
Bg4 9. dxe5 dxe5 10. Ne4 Bxf3 11. gxf3 Nxe4 12. Bxe4 f5 13. Bd5+ Kh8 14. Kh1
Qh4 15. a3 Rf6 16. Rg1 Bd6 17. c5 Bf8 18. b4 Re8 19. Bb2 Nd8 20. Rg2 c6 21. Bb3
Qh5 22. Qc4 Rfe6 23. Rag1 Qxf3 24. Bxe5 b5 25. cxb6 axb6 26. Bd1 Qe4 27. Qxe4
fxe4 28. Bxg7+ Bxg7 29. Rxg7 Rf6 30. Bb3 Ne6 31. Bxe6 Rfxe6 32. Rb7 b5 33. Rgg7
Rh6 34. Rge7 1/2-1/2

[Event "Bad Woerishofen sen"]
[Site "?"]
[Date "2002.??.??"]
[Round "1"]
[White "Koenigl, Anton"]
[Black "Zunker, Reinhard"]
[Result "0-1"]
[WhiteElo "1796"]
[BlackElo "2227"]
[Annotator "ChessOrg"]
[PlyCount "62"]

1. e4 d6 2. d4 g6 3. Bd3 Bg7 4. Ne2 Nf6 5. f3 O-O 6. Be3 Nc6 7. Qd2 e5 8. c3 d5
9. exd5 exd4 10. Bg5 Qxd5 11. O-O Be6 12. cxd4 Nxd4 13. Nxd4 Qxd4+ 14. Be3 Qd7
15. Qc2 Rfd8 16. Be2 Nd5 17. Bf2 Nf4 18. Nc3 Qd2 19. Bd1 Qxc2 20. Bxc2 Rd2 21.
Be4 Rxb2 22. Nd1 Rb5 23. Rb1 a6 24. a4 Rxb1 25. Bxb1 Rd8 26. Ne3 Bb3 27. Bc2
Bxc2 28. Nxc2 Rd2 29. Ne3 Bd4 30. Re1 Rxf2 31. Kxf2 Nd3+ 0-1

[Event "Bad Woerishofen sen"]
[Site "?"]
[Date "2002.??.??"]
[Round "1"]
[White "Delander, Adolf"]
[Black "Gensbaur, Viktor"]
[Result "1-0"]
[WhiteElo "2252"]
[BlackElo "1800"]
[Annotator "ChessOrg"]
[PlyCount "103"]

1. d4 Nf6 2. Nf3 d5 3. c4 c6 4. e3 e6 5. Nbd2 Bd6 6. Bd3 Nbd7 7. O-O O-O 8. e4
dxe4 9. Nxe4 Be7 10. b3 Re8 11. Bb2 Nxe4 12. Bxe4 Bf6 13. Qe2 Nf8 14. Rad1 Qc7
15. Rfe1 Bd7 16. Ne5 Rad8 17. c5 Bc8 18. Nc4 Be7 19. b4 Bf6 20. a4 Re7 21. Qc2
Red7 22. Ne5 Bxe5 23. dxe5 Rxd1 24. Rxd1 Rxd1+ 25. Qxd1 Qd7 26. Qd6 Qxd6 27.
cxd6 a6 28. f4 h5 29. Kf2 Nd7 30. Bd4 g6 31. Kg3 Kg7 32. Kh4 Kh6 33. h3 Kg7 34.
g4 hxg4 35. hxg4 Kh6 36. f5 Kg7 37. Kg5 gxf5 38. gxf5 Nf8 39. a5 Nh7+ 40. Kf4
Nf8 41. Bf3 Kg8 42. Bg4 Kg7 43. Bc3 Kg8 44. Be1 Nh7 45. fxe6 fxe6 46. Bh4 Bd7
47. Ke4 Kf7 48. Kd4 Nf8 49. Kc5 Bc8 50. Kb6 Nd7+ 51. Kc7 Nxe5 52. Kxc8 1-0

[Event "Bad Woerishofen sen"]
[Site "?"]
[Date "2002.??.??"]
[Round "1"]
[White "Turboust, Roger"]
[Black "Igney, Volkhard"]
[Result "0-1"]
[WhiteElo "1800"]
[BlackElo "2232"]
[Annotator "ChessOrg"]
[PlyCount "120"]

1. e4 c6 2. d4 d5 3. exd5 cxd5 4. Bb5+ Bd7 5. Bxd7+ Nxd7 6. Nf3 Qc7 7. Bd2 e6
8. O-O Bd6 9. Nc3 a6 10. Ne2 Ngf6 11. c3 Ne4 12. Be3 O-O 13. g3 b5 14. a3 Nb6
15. Bf4 Nc4 16. Bxd6 Qxd6 17. Qc1 a5 18. Nf4 b4 19. axb4 axb4 20. Rxa8 Rxa8 21.
cxb4 Qxb4 22. Nd3 Qb3 23. Qd1 Qb6 24. Qe2 Ra2 25. Rc1 h6 26. Rc2 Ned6 27. b3
Ra1+ 28. Rc1 Rxc1+ 29. Nxc1 Na5 30. Qd3 Qb4 31. Nd2 Nc6 32. Ne2 Nf5 33. Nf3 Na5
34. Nd2 Nb7 35. Nf3 Nbd6 36. Kf1 Ne4 37. Nf4 Qa3 38. Qc2 Qa1+ 39. Kg2 Nxd4 40.
Nxd4 Qxd4 41. Nd3 Nc3 42. b4 e5 43. b5 e4 44. Nf4 Qb4 45. b6 d4 46. Nd5 Qb5 47.
Nxc3 dxc3 48. Qxc3 Qxb6 49. Qc8+ Kh7 50. Qf5+ Qg6 51. Qc5 Qg4 52. Qe3 Qf5 53.
h4 h5 54. Kf1 Qf3 55. Qxf3 exf3 56. Ke1 Kg6 57. Kd2 Kf5 58. Ke3 Kg4 59. Ke4 f6
60. Ke3 f5 0-1

[Event "Bad Woerishofen sen"]
[Site "?"]
[Date "2002.??.??"]
[Round "1"]
[White "Villing, Dieter"]
[Black "Niebaum, Karl"]
[Result "1-0"]
[WhiteElo "2231"]
[BlackElo "1799"]
[Annotator "ChessOrg"]
[PlyCount "123"]

1. e4 d5 2. exd5 Qxd5 3. Nc3 Qa5 4. d4 Nf6 5. Nf3 Bg4 6. h3 Bh5 7. g4 Bg6 8.
Ne5 Nbd7 9. Nc4 Qa6 10. Bf4 Qe6+ 11. Be2 Nd5 12. Qd2 O-O-O 13. O-O-O Nxc3 14.
Qxc3 Nb6 15. Nxb6+ Qxb6 16. Bf3 e6 17. d5 Qc5 18. Qb3 Qb4 19. Be3 Qxb3 20. axb3
exd5 21. Bxd5 Bd6 22. h4 f6 23. h5 Be8 24. g5 Bd7 25. h6 gxh6 26. gxf6 Be5 27.
Rxh6 Rdf8 28. Bxb7+ Kxb7 29. Rxd7 Bxf6 30. Rhxh7 Rxh7 31. Rxh7 Be5 32. c3 a6
33. b4 Bd6 34. Kc2 Rf5 35. Kd3 a5 36. bxa5 Rxa5 37. b4 Rf5 38. Bd4 Rf8 39. Rh5
Re8 40. Rf5 Re1 41. Kc4 Rb1 42. Rb5+ Kc6 43. Rh5 Re1 44. Be3 Re2 45. Rh6 Kb7
46. Rh7 Kb8 47. Rh1 Kb7 48. Kd3 Rb2 49. Rf1 Rb3 50. Kc4 Ra3 51. f4 Kc6 52. Bd4
Bf8 53. f5 Ra2 54. f6 Rg2 55. f7 Rh2 56. Rf6+ Kd7 57. Bc5 Rh4+ 58. Kb5 Rh5 59.
Ka6 Rh8 60. Bxf8 Rxf8 61. Kb7 Ke7 62. Rf3 1-0

[Event "Bad Woerishofen sen"]
[Site "?"]
[Date "2002.??.??"]
[Round "1"]
[White "Schneider, Miloca"]
[Black "Maertins, Leo"]
[Result "1/2-1/2"]
[WhiteElo "2078"]
[BlackElo "1712"]
[Annotator "ChessOrg"]
[PlyCount "101"]

1. d4 e6 2. c4 Nf6 3. Nf3 d5 4. Bg5 c5 5. e3 Nc6 6. Nc3 dxc4 7. Bxc4 cxd4 8.
exd4 Be7 9. O-O O-O 10. Qd2 a6 11. Rad1 b5 12. Bd3 Bb7 13. h3 Nb4 14. Be2 Nbd5
15. Ne5 Rc8 16. Qd3 h6 17. Bxf6 Bxf6 18. Nxd5 Bxd5 19. b3 Qd6 20. f4 Rc7 21.
Rc1 Rfc8 22. Rxc7 Rxc7 23. Qd2 Bd8 24. Rc1 Rxc1+ 25. Qxc1 Bb6 26. Qc8+ Qd8 27.
Qxd8+ Bxd8 28. Nd7 Bc6 29. Ne5 Bb7 30. Bf3 Bxf3 31. Nxf3 Bc7 32. g3 f6 33. Kf2
g5 34. fxg5 hxg5 35. g4 Kf7 36. h4 gxh4 37. Nxh4 Bb6 38. Nf3 e5 39. Ke3 Kg6 40.
Ke4 Bxd4 41. Kd5 b4 42. Nd2 Kg5 43. Ne4+ Kxg4 44. Nxf6+ Kf4 45. Kc4 Bc3 46. Kd3
Kf3 47. Ne4 a5 48. Nc5 Bd4 49. Ne4 Kf4 50. Nd6 Bc5 51. Ne4 1/2-1/2

[Event "Bad Woerishofen sen"]
[Site "?"]
[Date "2002.??.??"]
[Round "1"]
[White "Ganslmayer, Herbert"]
[Black "Niebling, Ferdinand"]
[Result "0-1"]
[WhiteElo "1780"]
[BlackElo "2192"]
[Annotator "ChessOrg"]
[PlyCount "82"]

1. d4 Nf6 2. e3 d6 3. Bc4 Nbd7 4. f4 c6 5. Nf3 d5 6. Bd3 Ne4 7. O-O Ndf6 8. Qe1
Bf5 9. Nbd2 e6 10. Ne5 Be7 11. Kh1 h5 12. Ndf3 Ng4 13. Ng1 Bh4 14. g3 Be7 15.
h3 Nxe5 16. fxe5 h4 17. Bxe4 Bxe4+ 18. Kh2 hxg3+ 19. Qxg3 g6 20. Bd2 Bxc2 21.
Ne2 Bf5 22. Rxf5 exf5 23. e6 Bd6 24. exf7+ Kxf7 25. Nf4 g5 26. Rg1 Rg8 27. Qf3
Qf6 28. Qh5+ Ke7 29. Be1 Qg6 30. Rxg5 Qxh5 31. Rxh5 Bxf4+ 32. exf4 Ke6 33. Rh6+
Kf7 34. Bh4 Raf8 35. Bg5 Kg7 36. Rd6 Rf7 37. Re6 a5 38. h4 Rc8 39. h5 c5 40.
h6+ Kh7 41. Bf6 Rc6 0-1

[Event "Bad Woerishofen sen"]
[Site "?"]
[Date "2002.??.??"]
[Round "1"]
[White "Goy, Udo"]
[Black "Schumacher, Horst"]
[Result "1-0"]
[WhiteElo "2191"]
[BlackElo "1776"]
[Annotator "ChessOrg"]
[PlyCount "51"]

1. d4 d5 2. Nf3 Bf5 3. c4 e6 4. Qb3 Nc6 5. cxd5 exd5 6. a3 h6 7. Nc3 Nf6 8. Bf4
Bd6 9. Be5 Bxe5 10. dxe5 Ng4 11. Qxb7 Na5 12. Qb4 c6 13. h3 Rb8 14. Qf4 Qb6 15.
hxg4 Bxg4 16. Na4 Qb3 17. Nd2 Qc2 18. Qxg4 Nc4 19. Nxc4 dxc4 20. Qxg7 Rf8 21.
e6 Rd8 22. f3 Qxa4 23. Rxh6 Qa5+ 24. Kf2 Rd5 25. Rh8 Qc5+ 26. e3 1-0

[Event "Bad Woerishofen sen"]
[Site "?"]
[Date "2002.??.??"]
[Round "1"]
[White "Liszka, Guenter"]
[Black "Wunderer, Eckart"]
[Result "1/2-1/2"]
[WhiteElo "1773"]
[BlackElo "2190"]
[Annotator "ChessOrg"]
[PlyCount "49"]

1. e4 d6 2. d4 Nf6 3. Nc3 c6 4. f3 Nbd7 5. Be3 e5 6. Qd2 g6 7. Nge2 Bg7 8. Ng3
a6 9. Be2 b5 10. a3 Bb7 11. O-O h5 12. Nh1 Qc7 13. Nf2 Rd8 14. Rad1 Nf8 15.
dxe5 dxe5 16. Qxd8+ Qxd8 17. Rxd8+ Kxd8 18. Rd1+ Kc8 19. Nd3 N6d7 20. a4 Ne6
21. Ra1 Nd4 22. Bd1 Kc7 23. axb5 axb5 24. Ne2 Ra8 25. Rxa8 1/2-1/2

[Event "Bad Woerishofen sen"]
[Site "?"]
[Date "2002.??.??"]
[Round "1"]
[White "Gretzer, Otmar"]
[Black "Zohr, Adelbert"]
[Result "1-0"]
[WhiteElo "2174"]
[BlackElo "1763"]
[Annotator "ChessOrg"]
[PlyCount "105"]

1. e4 c5 2. Nf3 Nc6 3. d4 cxd4 4. Nxd4 d6 5. c4 g6 6. Nc3 Bg7 7. Be3 Nf6 8. Be2
O-O 9. O-O a6 10. h3 Bd7 11. Qd2 Ne8 12. Rad1 Nc7 13. f4 Nxd4 14. Bxd4 Bxd4+
15. Qxd4 Ne6 16. Qf2 Ng7 17. h4 Be6 18. h5 Qa5 19. h6 Ne8 20. f5 Bc8 21. Nd5
Qd8 22. fxg6 hxg6 23. c5 Be6 24. Nf4 Nc7 25. Qd4 Ne8 26. Nxe6 fxe6 27. Rxf8+
Kxf8 28. Qh8+ Kf7 29. Qh7+ Kf6 30. Rf1+ Kg5 31. Rf3 dxc5 32. Rg3+ Kf4 33. Qxg6
Qd4+ 34. Kh2 Nf6 35. Qg5+ Kxe4 36. Bf3+ Kd3 37. Bd1+ Kc4 38. Be2+ Kb4 39. Rd3
Ng4+ 40. Qxg4 Qxg4 41. Bxg4 Rh8 42. Rh3 e5 43. h7 Kc4 44. Be6+ Kd4 45. Bg8 e4
46. Kg1 e3 47. Kf1 Kd3 48. Rf3 e6 49. g4 e5 50. g5 e4 51. Rf5 Kc2 52. g6 Kxb2
53. g7 1-0

[Event "Bad Woerishofen sen"]
[Site "?"]
[Date "2002.??.??"]
[Round "1"]
[White "Harke, Horst"]
[Black "Bierwisch, Bernhard"]
[Result "1/2-1/2"]
[WhiteElo "1760"]
[BlackElo "2171"]
[Annotator "ChessOrg"]
[PlyCount "41"]

1. d4 Nf6 2. c4 g6 3. Nc3 Bg7 4. e4 d6 5. Be2 O-O 6. Nf3 e5 7. O-O Nc6 8. d5
Ne7 9. Ne1 Nd7 10. Be3 f5 11. f3 b6 12. Nd3 Nc5 13. b4 Nxd3 14. Qxd3 a5 15. a3
Qd7 16. c5 bxc5 17. bxc5 Ba6 18. Qd2 dxc5 19. Bxa6 Rxa6 20. Qd3 Raa8 21. Qc4
1/2-1/2

[Event "Bad Woerishofen sen"]
[Site "?"]
[Date "2002.??.??"]
[Round "1"]
[White "Storkebaum, Karl-Heinz"]
[Black "Wendel, Walter"]
[Result "1-0"]
[WhiteElo "1848"]
[BlackElo "1436"]
[Annotator "ChessOrg"]
[PlyCount "114"]

1. d4 Nf6 2. c4 g6 3. Nc3 Bg7 4. e4 d6 5. Nf3 c6 6. Be2 O-O 7. O-O Nfd7 8. Bg5
h6 9. Be3 Re8 10. Qd2 g5 11. Ne1 e5 12. Nc2 Nf6 13. f3 Nbd7 14. Rfd1 Bf8 15. b4
a6 16. dxe5 dxe5 17. a4 a5 18. b5 Qc7 19. Rab1 c5 20. h4 Nh7 21. hxg5 hxg5 22.
Bxg5 Nxg5 23. Qxg5+ Bg7 24. Ne3 Nf6 25. Ncd5 Qd8 26. Nxf6+ Qxf6 27. Qxf6 Bxf6
28. Rd6 Be6 29. Rbd1 Rad8 30. Kf2 Rxd6 31. Rxd6 Rd8 32. Rxd8+ Bxd8 33. g3 Bg5
34. Ng2 Bc1 35. Ne3 Bb2 36. f4 Bd4 37. Kf3 f6 38. Bd3 Kf7 39. f5 Bd7 40. Nd5
Bb2 41. Bf1 Bc1 42. Bh3 Bg5 43. Bg4 Ke8 44. Bh5+ Kd8 45. Kg4 Bc8 46. Bf7 Bd7
47. Kh5 Bxf5 48. exf5 e4 49. Kg4 Kd7 50. Nc3 e3 51. Kf3 Kd6 52. Ke4 b6 53. Bh5
Kd7 54. Nd5 Kd6 55. Nxb6 Kc7 56. Nd5+ Kb7 57. Nxe3 Kc7 1-0

[Event "Bad Woerishofen sen"]
[Site "?"]
[Date "2002.??.??"]
[Round "1"]
[White "Wolffram, Gert"]
[Black "Weigel, Herbert"]
[Result "1/2-1/2"]
[WhiteElo "1754"]
[BlackElo "2159"]
[Annotator "ChessOrg"]
[PlyCount "111"]

1. d4 Nf6 2. Nf3 e6 3. Bg5 Be7 4. e3 O-O 5. Bd3 c5 6. c3 b6 7. O-O h6 8. Bh4
Bb7 9. Nbd2 d6 10. Rc1 Nbd7 11. a3 Re8 12. e4 Rc8 13. Re1 Nh5 14. Bxe7 Qxe7 15.
g3 cxd4 16. Nxd4 g6 17. f4 Ng7 18. N4f3 d5 19. Kg2 Nc5 20. Bc2 Red8 21. e5 d4
22. c4 Nf5 23. Bxf5 exf5 24. Nb3 d3 25. Nxc5 d2 26. Nxb7 Qxb7 27. e6 fxe6 28.
Rxe6 dxc1=Q 29. Qxc1 Rd3 30. Re3 Rxe3 31. Qxe3 Qe4 32. Qxe4 fxe4 33. Ne5 g5 34.
Kf2 b5 35. b3 bxc4 36. bxc4 gxf4 37. gxf4 Rb8 38. Ke3 Rb3+ 39. Kxe4 Rxa3 40. c5
Kf8 41. c6 Ke7 42. Kd5 Ra5+ 43. Kd4 Kd8 44. f5 Ra2 45. f6 Rf2 46. f7 Kc7 47.
Kd5 Rf6 48. Kc5 a5 49. Kb5 h5 50. h4 Kd8 51. Ka4 Rf4+ 52. Kb3 Kc7 53. Ka3 Kd6
54. Kb3 a4+ 55. Ka3 Kc7 56. Ka2 1/2-1/2

[Event "Bad Woerishofen sen"]
[Site "?"]
[Date "2002.??.??"]
[Round "1"]
[White "Schlag, Franz"]
[Black "Meyer, Walter"]
[Result "1-0"]
[WhiteElo "2147"]
[BlackElo "1747"]
[Annotator "ChessOrg"]
[PlyCount "74"]

1. e4 c5 2. Bc4 Nc6 3. Nc3 Nf6 4. f4 d6 5. Nf3 Bg4 6. d3 a6 7. a4 e6 8. Ba2 Be7
9. Be3 Nh5 10. O-O Nf6 11. Qe1 Nb4 12. Bb3 Rc8 13. Qg3 Bxf3 14. Rxf3 Qb6 15. f5
d5 16. fxe6 Qxe6 17. exd5 Nbxd5 18. Rxf6 Qxe3+ 19. Qxe3 Nxe3 20. Rf3 c4 21.
dxc4 O-O 22. Rxe3 Bc5 23. Rae1 Rfe8 24. Kf2 Rxe3 25. Rxe3 Re8 26. Nd5 Bxe3+ 27.
Nxe3 Kf8 28. Nd5 Re5 29. c3 f6 30. h3 g5 31. Bd1 Kg7 32. Bf3 Re6 33. c5 Re5 34.
a5 Kg6 35. b4 h5 36. c4 Re6 37. Nc3 Re7 1-0

[Event "Bad Woerishofen sen"]
[Site "?"]
[Date "2002.??.??"]
[Round "1"]
[White "Peierl, Wolter"]
[Black "Neese, Hans Joachim"]
[Result "1-0"]
[WhiteElo "1745"]
[BlackElo "2136"]
[Annotator "ChessOrg"]
[PlyCount "110"]

1. e4 c5 2. d4 cxd4 3. c3 dxc3 4. Nxc3 Nc6 5. Nf3 d6 6. Bc4 e6 7. O-O a6 8. Qe2
Nf6 9. Rd1 Bd7 10. Bf4 Qb8 11. Rac1 Be7 12. h3 O-O 13. g4 Rd8 14. a3 Ne8 15.
Rd2 b5 16. Ba2 Qb7 17. b4 Rac8 18. Rdc2 Na7 19. Nd2 h6 20. Nb3 Nc6 21. Qd2 Rc7
22. Ne2 Rdc8 23. Rc3 Bf6 24. Rd3 Ne5 25. Rxc7 Rxc7 26. Bxe5 Bxe5 27. f3 Qc8 28.
Bb1 Bc6 29. Qe3 g5 30. Qd2 Qb8 31. Kg2 Bb7 32. Qe3 Ba8 33. Qd2 Kg7 34. Ng3 Nf6
35. Nd4 d5 36. exd5 Nxd5 37. Ndf5+ Kf8 38. Nh5 Rd7 39. Nxh6 Qc7 40. Qxg5 Bf4
41. Qg8+ Ke7 42. Qxf7+ Kd6 43. Qxf4+ Kc6 44. Qxc7+ Kxc7 45. Kf2 Re7 46. Ba2 Nb6
47. g5 Nc4 48. h4 Ne5 49. Rc3+ Kd6 50. Nf6 Ng6 51. Kg3 Bd5 52. Bxd5 exd5 53.
Nf5+ Ke5 54. Nxe7 Nxe7 55. Re3+ Kd6 1-0

[Event "Bad Woerishofen sen"]
[Site "?"]
[Date "2002.??.??"]
[Round "1"]
[White "Boeven, Manfred"]
[Black "Diete, Guenther"]
[Result "1/2-1/2"]
[WhiteElo "2134"]
[BlackElo "1744"]
[Annotator "ChessOrg"]
[PlyCount "102"]

1. d4 d5 2. Nc3 Nf6 3. Bg5 Ne4 4. Nxe4 dxe4 5. e3 c6 6. c3 g6 7. Bc4 Bg7 8. Qc2
Nd7 9. Qxe4 Nf6 10. Qc2 O-O 11. Nf3 Bf5 12. Bd3 Be6 13. O-O Rc8 14. Rad1 h6 15.
Bxf6 exf6 16. e4 Bg4 17. Be2 Bxf3 18. Bxf3 Qa5 19. b4 Qc7 20. g3 h5 21. Bg2
Rfe8 22. f4 a5 23. a3 axb4 24. axb4 Ra8 25. Ra1 Qb6 26. Kh1 Ra6 27. Rxa6 Qxa6
28. Rd1 Ra8 29. d5 Bf8 30. e5 cxd5 31. Bxd5 Kg7 32. exf6+ Qxf6 33. Bxb7 Rb8 34.
Bf3 Rc8 35. c4 Bxb4 36. Qe2 Bc3 37. Rb1 Bd4 38. Bd5 Rc7 39. Rb7 Rxb7 40. Bxb7
Qb6 41. Bd5 Qb1+ 42. Kg2 Qg1+ 43. Kh3 Qe3 44. Qxe3 Bxe3 45. Kg2 f6 46. Kf3 Bc5
47. Ke4 Kf8 48. Be6 Bg1 49. h3 Ke7 50. f5 g5 51. Kd5 Kd8 1/2-1/2

[Event "Bad Woerishofen sen"]
[Site "?"]
[Date "2002.??.??"]
[Round "1"]
[White "Schratzenstaller, Albert"]
[Black "Minz, Michail"]
[Result "0-1"]
[WhiteElo "1744"]
[BlackElo "2133"]
[Annotator "ChessOrg"]
[PlyCount "136"]

1. c4 Nf6 2. Nc3 c6 3. g3 d5 4. cxd5 cxd5 5. d4 e6 6. Bg2 Nc6 7. Nf3 Bd6 8. Bg5
h6 9. Bxf6 Qxf6 10. O-O Qd8 11. a3 O-O 12. b4 Bd7 13. e3 Rc8 14. Na4 b6 15. Nb2
Qe7 16. Nd3 Rc7 17. Qd2 Rfc8 18. Rac1 Be8 19. Nde5 f6 20. Nxc6 Rxc6 21. Rxc6
Rxc6 22. Rc1 Qc7 23. Rxc6 Qxc6 24. Bf1 e5 25. b5 Qb7 26. dxe5 fxe5 27. Qc3 Qc7
28. Qxc7 Bxc7 29. a4 Kf7 30. Nd2 Ke6 31. Bd3 Kd6 32. Nb3 Bh5 33. Bc2 Be2 34. f4
e4 35. Nd4 Bg4 36. Kg2 Bd7 37. h3 Kc5 38. g4 Bd8 39. f5 Bf6 40. Ne2 Be5 41. Bb3
Bc8 42. Kf2 a6 43. bxa6 Bxa6 44. Ke1 Bc4 45. Bc2 Kb4 46. Nc1 Bg3+ 47. Kd2 Bf1
48. Na2+ Kc4 49. Nc1 Bxh3 50. Bb3+ Kc5 51. Bd1 Be5 52. Nb3+ Kb4 53. Nd4 Bxd4
54. exd4 Bg2 55. Ke3 Kc3 56. Be2 Bf3 57. Bxf3 exf3 58. Kxf3 Kxd4 59. Kf4 Kc3
60. g5 hxg5+ 61. Kxg5 d4 62. Kg6 d3 63. Kxg7 d2 64. f6 d1=Q 65. f7 Qg4+ 66. Kh7
Qf5+ 67. Kg8 Qg6+ 68. Kh8 Qxf7 0-1

[Event "Bad Woerishofen sen"]
[Site "?"]
[Date "2002.??.??"]
[Round "1"]
[White "Weber, Siegfried"]
[Black "Borger, Martin"]
[Result "1/2-1/2"]
[WhiteElo "1588"]
[BlackElo "1737"]
[Annotator "ChessOrg"]
[PlyCount "68"]

1. e4 e5 2. Nf3 Nc6 3. Bc4 Be7 4. d4 d6 5. d5 Nb8 6. Bd3 Nf6 7. h3 Nbd7 8. Be3
a6 9. c4 b6 10. O-O O-O 11. Nc3 Nc5 12. Bc2 a5 13. b3 Bd7 14. a3 Ne8 15. b4 Nb7
16. Nh2 g6 17. Ba4 Ng7 18. Bxd7 Qxd7 19. Bh6 Rfe8 20. Qd2 f5 21. f3 f4 22. Bxg7
Kxg7 23. Ng4 Bh4 24. Nf2 Rf8 25. Nd3 Rae8 26. Nb5 Ra8 27. Rfc1 h5 28. Nc3 Be7
29. Qc2 Rfc8 30. Na4 Qd8 31. b5 Bf6 32. Nc3 Nc5 33. Nxc5 dxc5 34. a4 Qd6
1/2-1/2

[Event "Bad Woerishofen sen"]
[Site "?"]
[Date "2002.??.??"]
[Round "1"]
[White "Wohlfart, Karl-Heinz"]
[Black "Limberg, Siegfried"]
[Result "0-1"]
[WhiteElo "1730"]
[BlackElo "2111"]
[Annotator "ChessOrg"]
[PlyCount "76"]

1. e4 c5 2. Nf3 d6 3. Bb5+ Bd7 4. Bxd7+ Nxd7 5. O-O Ngf6 6. Re1 g6 7. c3 Bg7 8.
d4 O-O 9. h3 b5 10. a4 a6 11. Qe2 cxd4 12. Nxd4 bxa4 13. Rxa4 Nc5 14. Rc4 e5
15. Nf3 a5 16. Nbd2 Nfd7 17. b4 axb4 18. cxb4 Ne6 19. Nb3 Qb8 20. Na5 Re8 21.
Be3 Qb5 22. Qc2 Nb8 23. Rd1 Bf8 24. Rd5 Qa6 25. Qc3 Nd7 26. Rc6 Rac8 27. b5
Rxc6 28. bxc6 Nf6 29. Qb4 Nxd5 30. exd5 Nc7 31. Qb7 Qxa5 32. Bb6 Qa1+ 33. Kh2
Nxd5 34. Ng5 Re7 35. c7 Nxc7 36. Bxc7 Qc1 37. Ne4 Rxc7 38. Nf6+ Kh8 0-1

[Event "Bad Woerishofen sen"]
[Site "?"]
[Date "2002.??.??"]
[Round "1"]
[White "Hein, Manfred"]
[Black "Barlo, Werner"]
[Result "1-0"]
[WhiteElo "2107"]
[BlackElo "1729"]
[Annotator "ChessOrg"]
[PlyCount "99"]

1. e4 c5 2. Nf3 Nc6 3. d4 cxd4 4. Nxd4 Nf6 5. Nc3 g6 6. Be3 Bg7 7. f3 d6 8. Qd2
Bd7 9. Bc4 a6 10. a3 Rc8 11. Nxc6 Bxc6 12. Bb3 Qa5 13. Bd4 O-O 14. O-O Rfd8 15.
Rad1 Qc7 16. Qf2 Nd7 17. Rd2 Bxd4 18. Qxd4 Nc5 19. Ba2 Nd7 20. Rfd1 Qb6 21.
Qxb6 Nxb6 22. e5 d5 23. Ne4 e6 24. c4 Kf8 25. Nf6 h5 26. b4 Ba4 27. Rc1 dxc4
28. Rxd8+ Rxd8 29. Ne4 Rd3 30. Bxc4 Rxa3 31. Bf1 Bc6 32. Nc5 Nd5 33. Nxa6 Nc3
34. Nc5 Nb5 35. Bxb5 Bxb5 36. Nxb7 Rb3 37. Nd6 Rxb4 38. Rc7 Rb1+ 39. Kf2 Rb2+
40. Ke3 Rb3+ 41. Kf4 Rb4+ 42. Kg5 Bd3 43. Rxf7+ Kg8 44. Rf6 Rb2 45. g3 h4 46.
Kxh4 Rxh2+ 47. Kg4 Rh5 48. Rxe6 Bf5+ 49. Nxf5 Rxf5 50. Rxg6+ 1-0

[Event "Bad Woerishofen sen"]
[Site "?"]
[Date "2002.??.??"]
[Round "1"]
[White "Wolf, Alfred"]
[Black "Walther, Diethelm"]
[Result "1/2-1/2"]
[WhiteElo "1719"]
[BlackElo "2091"]
[Annotator "ChessOrg"]
[PlyCount "67"]

1. d4 d5 2. Nf3 Bf5 3. c4 e6 4. Nc3 c6 5. Qb3 Qb6 6. e3 Qxb3 7. axb3 Na6 8. Na2
Bc2 9. cxd5 Nb4 10. dxe6 Bxb3 11. exf7+ Bxf7 12. Nxb4 Bxb4+ 13. Bd2 Bd6 14. Ng5
Bb3 15. Ne4 Be7 16. Bd3 b6 17. Ke2 a5 18. Rhc1 Rc8 19. Bc4 Bxc4+ 20. Rxc4 Kd7
21. Rac1 Nh6 22. Ng3 Rhf8 23. f3 Bf6 24. Nh5 Nf5 25. Nxf6+ gxf6 26. g4 Nd6 27.
R4c2 Nb5 28. Kd3 f5 29. g5 Rfe8 30. h4 Nd6 31. Be1 Re6 32. d5 cxd5 33. Rxc8
Nxc8 34. Bc3 1/2-1/2

[Event "Bad Woerishofen sen"]
[Site "?"]
[Date "2002.??.??"]
[Round "1"]
[White "Servaty, Rudolf"]
[Black "von Hoesslin, Holger"]
[Result "1-0"]
[WhiteElo "2201"]
[BlackElo "1790"]
[Annotator "ChessOrg"]
[PlyCount "73"]

1. d4 Nf6 2. c4 c5 3. d5 e6 4. Nc3 exd5 5. cxd5 d6 6. e4 g6 7. Nf3 Bg4 8. Be2
Nbd7 9. O-O Bg7 10. Nd2 Bxe2 11. Qxe2 O-O 12. Nc4 Nb6 13. Bf4 Nxc4 14. Qxc4 a6
15. a4 Re8 16. f3 Rb8 17. a5 Qc7 18. g4 Nd7 19. Kg2 Ne5 20. Bxe5 Bxe5 21. f4
Bxc3 22. bxc3 Qe7 23. Rae1 b5 24. Qe2 f5 25. gxf5 gxf5 26. e5 dxe5 27. fxe5
Qg5+ 28. Kh1 Kh8 29. e6 Rbd8 30. Qe5+ Qg7 31. Rxf5 Qxe5 32. Rexe5 Rd6 33. Rf7
b4 34. cxb4 cxb4 35. Rb7 Red8 36. Rh5 Rc8 37. Rbxh7+ 1-0

[Event "Bad Woerishofen sen"]
[Site "?"]
[Date "2002.??.??"]
[Round "1"]
[White "Malik, Heinz"]
[Black "Potthammel, Joerg"]
[Result "0-1"]
[WhiteElo "1700"]
[BlackElo "2073"]
[Annotator "ChessOrg"]
[PlyCount "134"]

1. d4 Nf6 2. c4 g6 3. Nc3 d5 4. Bg5 Ne4 5. Nxe4 dxe4 6. e3 c5 7. Qd2 Bg7 8. Ne2
Nc6 9. d5 Nb4 10. Nc3 f6 11. Bh4 Bf5 12. a3 Na6 13. Be2 h5 14. f3 exf3 15. Bxf3
g5 16. Bf2 g4 17. Be2 Qd7 18. e4 Bg6 19. Bg3 Bh6 20. Bf4 Bxf4 21. Qxf4 Qc7 22.
g3 Qb6 23. Qd2 Nc7 24. Rf1 O-O-O 25. Qc2 Ne8 26. O-O-O Nd6 27. Bd3 Nf7 28. Na4
Qa5 29. Qb3 Ne5 30. Nc3 Nf3 31. Rf2 Nd4 32. Qa4 Qxa4 33. Nxa4 b6 34. Nc3 h4 35.
gxh4 Rxh4 36. Rg2 Rdh8 37. Rh1 Nf3 38. Kc2 Ne5 39. Be2 f5 40. exf5 Bxf5+ 41.
Kd2 Rh3 42. Rf1 Nf3+ 43. Bxf3 gxf3 44. Rgf2 Rxh2 45. Ke3 Bg4 46. Ne4 R8h4 47.
Nd2 Bh5 48. Rxh2 Rxh2 49. Rf2 Rh1 50. Rf1 Rh4 51. Rf2 a5 52. b3 a4 53. bxa4 Kc7
54. Rf1 Kd6 55. Rf2 Rd4 56. Nxf3 Bxf3 57. Kxf3 Rxc4 58. Rb2 Rxa4 59. Rxb6+ Kxd5
60. Rb3 c4 61. Re3 e5 62. Ke2 Kd4 63. Kd2 e4 64. Rg3 Ra8 65. Rh3 Rg8 66. a4
Rg2+ 67. Kc1 Ra2 0-1

[Event "Bad Woerishofen sen"]
[Site "?"]
[Date "2002.??.??"]
[Round "1"]
[White "Thielemann, Joachim"]
[Black "Eisenhuth, Matthias"]
[Result "1-0"]
[WhiteElo "2073"]
[BlackElo "1697"]
[Annotator "ChessOrg"]
[PlyCount "49"]

1. e4 d5 2. e5 Bf5 3. d4 e6 4. Bd3 Bxd3 5. Qxd3 c5 6. c3 cxd4 7. cxd4 Qb6 8.
Ne2 Nc6 9. O-O Nge7 10. Nd2 Rc8 11. f4 Nf5 12. Nf3 Nb4 13. Qb3 Qa6 14. Nc3 Be7
15. g4 Nh6 16. h3 Ng8 17. a3 h5 18. g5 Bd8 19. Qxb4 Ne7 20. Qb5+ Qxb5 21. Nxb5
Nf5 22. Bd2 a6 23. Nd6+ Nxd6 24. exd6 Kd7 25. Ne5+ 1-0

[Event "Bad Woerishofen sen"]
[Site "?"]
[Date "2002.??.??"]
[Round "1"]
[White "Gruebling, Karl-Heinz"]
[Black "Rahn, Oskar"]
[Result "0-1"]
[WhiteElo "1690"]
[BlackElo "2060"]
[Annotator "ChessOrg"]
[PlyCount "54"]

1. d4 d5 2. c4 e6 3. Nf3 Nf6 4. Nc3 Be7 5. Bg5 Nbd7 6. e3 h6 7. Bh4 O-O 8. Bd3
a6 9. O-O dxc4 10. Bxc4 b5 11. Bd3 Bb7 12. Re1 c5 13. Rc1 Re8 14. dxc5 Nxc5 15.
Bb1 Qb6 16. Ne5 Rad8 17. Qc2 Nce4 18. Nxe4 Bxe4 19. Qc7 Qxc7 20. Rxc7 Bxb1 21.
Bxf6 Bxf6 22. Nc6 Rc8 23. Rxc8 Rxc8 24. Nb4 Bg6 25. b3 a5 26. Na6 b4 27. e4
Bxe4 0-1

[Event "Bad Woerishofen sen"]
[Site "?"]
[Date "2002.??.??"]
[Round "1"]
[White "Geissler, Dieter"]
[Black "Oser, Thor"]
[Result "1-0"]
[WhiteElo "2058"]
[BlackElo "1684"]
[Annotator "ChessOrg"]
[PlyCount "45"]

1. e4 c5 2. Nf3 Nc6 3. d4 cxd4 4. Nxd4 a6 5. c3 Qc7 6. Bd3 e6 7. O-O g6 8. Qe2
Bg7 9. Nxc6 bxc6 10. f4 a5 11. Be3 c5 12. Na3 Bb7 13. e5 Bf8 14. Rad1 f5 15.
Bc4 h5 16. Nb5 Qc8 17. Nd6+ Bxd6 18. Rxd6 Qc7 19. Rfd1 Rh7 20. Bb5 Rd8 21.
Rxe6+ Ne7 22. Qc4 Rf7 23. Rf6 1-0

[Event "Bad Woerishofen sen"]
[Site "?"]
[Date "2002.??.??"]
[Round "1"]
[White "Miessner, Rolf"]
[Black "Dryzek, Tadeusz"]
[Result "0-1"]
[WhiteElo "1680"]
[BlackElo "2057"]
[Annotator "ChessOrg"]
[PlyCount "50"]

1. e4 e5 2. Nf3 Nc6 3. Bb5 a6 4. Ba4 Nf6 5. O-O Be7 6. Re1 b5 7. Bb3 O-O 8. c3
d5 9. exd5 Nxd5 10. Nxe5 Nxe5 11. Rxe5 c6 12. d4 Bd6 13. Re1 Qh4 14. g3 Qh3 15.
Be3 Bg4 16. Qd3 f5 17. f4 Rae8 18. Qf1 Qh5 19. Nd2 Kh8 20. Qf2 Nxe3 21. Rxe3
Rxe3 22. Qxe3 Re8 23. Qd3 Re2 24. Nf1 Bf3 25. h4 Rg2+ 0-1